000 00391nam a22001571a 4500
020 _a9788170301820
082 _aS 294.385
_bGAN/A
245 _aThe aryamanjusrimulakalpa (part.3)/
_cby Ganapati Shastri T (ed.)
250 _a2nd ed.
260 _aNew Delhi:
_bSri Satguru,
_c1989.
650 _aBuddhist Tantras
650 _aBuddhism
650 _aReligion
942 _cBK
942 _cREF
999 _c3145
_d3145